Normal view
MARC view
- النووي، يحيى بن شرف الدين
Entry Personal Name
001 - CONTROL NUMBER
- control field: 56455
003 - CONTROL NUMBER IDENTIFIER
- control field: JO-AjAnu
005 - DATE AND TIME OF LATEST TRANSACTION
- control field: 20230606083242.0
008 - FIXED-LENGTH DATA ELEMENTS
- fixed length control field: 230606|| aca||aabn | a|a d
040 ## - CATALOGING SOURCE
- Original cataloging agency: JO-AjAnu
- Transcribing agency: JO-AjAnu
100 ## - HEADING--PERSONAL NAME
- Personal name: النووي، يحيى بن شرف الدين
670 ## - SOURCE DATA FOUND
- Source citation: Work cat.: (JO-AjAnu)28808: النووي، يحيى بن شرف الدين, author, شرح الأربعين النووية في الأحاديث الصحيحة النبوية